| 000 -LEADER |
| fixed length control field |
00719nam a2200217Ia 4500 |
| 001 - CONTROL NUMBER |
| control field |
16617 |
| 003 - CONTROL NUMBER IDENTIFIER |
| control field |
GE_BSU |
| 008 - FIXED-LENGTH DATA ELEMENTS--GENERAL INFORMATION |
| fixed length control field |
181216s||||||||xx |||||||||||||| ||und|| |
| 040 ## - CATALOGING SOURCE |
| Transcribing agency |
GE_BSU |
| 100 ## - MAIN ENTRY--PERSONAL NAME |
| Personal name |
ლებანიძე, მ. (მურმან, 1922-2002) |
| 245 ## - TITLE STATEMENT |
| Title |
სვანური რვეული |
| 245 ## - TITLE STATEMENT |
| Remainder of title |
ლექსები |
| 245 ## - TITLE STATEMENT |
| Statement of responsibility, etc. |
რედ.ვ.ჯავახაძე. მხ. გ.ოჩიაშვილი |
| 260 ## - PUBLICATION, DISTRIBUTION, ETC. |
| Place of publication, distribution, etc. |
თბილისი |
| 260 ## - PUBLICATION, DISTRIBUTION, ETC. |
| Name of publisher, distributor, etc. |
საბჭოთა საქართველო |
| 260 ## - PUBLICATION, DISTRIBUTION, ETC. |
| Date of publication, distribution, etc. |
1964 |
| 300 ## - PHYSICAL DESCRIPTION |
| Extent |
77 გვ. ; 17 სმ |
| 653 ## - INDEX TERM--UNCONTROLLED |
| Uncontrolled term |
ლექსები |
| 653 ## - INDEX TERM--UNCONTROLLED |
| Uncontrolled term |
სვანური რვეული |
| 942 ## - ADDED ENTRY ELEMENTS (KOHA) |
| Koha item type |
წიგნი |